|
|
|
|
| LEADER |
00000nam a2200000 a 4500 |
| 001 |
vtls008381799 |
| 003 |
SK-MaSNL |
| 005 |
20260301093944.0 |
| 008 |
181118s1943 xo slo |
| 015 |
|
|
|a SKSNBA19421945-066/1436
|
| 035 |
|
|
|a SK01SNKBKSD220010074016
|
| 035 |
|
|
|a SKM000076479
|
| 040 |
|
|
|a SNK
|b slo
|c SNK
|e AACR2
|
| 041 |
1 |
|
|a slo
|
| 044 |
|
|
|a xo
|c SK
|
| 080 |
|
|
|a 636
|2 1981
|
| 100 |
1 |
|
|a Kvetko, Martin,
|d 1912-1995
|4 aut
|9 110458
|
| 245 |
1 |
0 |
|a Dobytčie pasy a popis domácich zvierat
|c napísali Dr. Martin Kvetko a Ľudovít Fuzák
|
| 260 |
|
|
|a Bratislava
|b Viktor Sekey
|c 1943
|e Bratislava
|f Slov. kníhtlač.
|
| 300 |
|
|
|a 165 s.
|c 8°
|
| 490 |
0 |
|
|a Samospráva : Slovenská sbierka poučných príručiek
|v sv. 10
|
| 563 |
|
|
|a Ks 70
|
| 650 |
0 |
7 |
|a chov domácich zvierat
|2 SNKPH
|9 2801
|
| 655 |
|
7 |
|a knihy
|2 SNKPH
|9 307098
|
| 700 |
1 |
|
|a Fuzák, Ľudovít,
|d 1898-1971
|4 aut
|9 198604
|
| 830 |
|
0 |
|a Samospráva : Slovenská sbierka poučných príručiek
|9 427051
|
| 958 |
|
|
|a OND
|
| 958 |
|
|
|a RK
|
| 958 |
|
|
|a TL
|
| 999 |
|
|
|c 678731
|d 680661
|
| 952 |
|
|
|a SNK
|b SNK
|y VYP
|7 0
|p 17A0532023
|o snkSD 3440/10 D1
|i snkKSF 1665/56
|8 5
|0 0
|1 0
|4 0
|d 2007-01-10
|l 0
|r 2026-02-23 19:49:31
|w 2026-02-23
|